000
00286nam a2200121 a 4500
008
101214s1981|||| d
100
1
_a
Kratochvíl, Jirí
245
1
0
_a
Škola hry na klarinet
260
_b
Editio supraphon
_a
Praha
_c
1981
020
_c
23
041
_a
ces
044
_a
CZ
999
_c
14231
_d
14231